000 01041cam a22003377a 4500
003 CHAP
005 20220329133731.0
008 971013s1969 r 00010 d
010 _a10102
011 _a11074
035 _a10312
040 _cCHAP
082 _a335.4
_bB3Y
100 0 0 _aBabeuf, Graco.
_99248
245 1 3 _aEl socialismo anterior a Marx
260 _aMéxico, D. F. :
_bGrijalbo,
_c1969
300 _a158 p
490 0 _aColección 70
_v; 51
590 _aBATCH-UPD
_b10
_c20130110
_lUCH01
_h1002
590 _aBATCH-UPD
_b10
_c20130410
_lUCH01
_h0613
590 _aBATCH-UPD
_b10
_c20130914
_lUCH01
_h2057
590 _aCONVERSION
_b10
_c20130109
_lUCH01
_h1306
650 1 4 _aSocialismo.
_9108040
700 0 _aFourier, Charles.
_942769
700 0 _aSaint-Simon, Henri de.
_9101226
830 0 _aColección 70
_v; 51
_924662
901 _aBK
942 _cLIBRO
949 _a335.4 B3Y
_bBC
_cLIBRO
_d-21793
_eLIBRO
_h14351 rep
_i10312
_si
_t25.00
949 _a335.4 B3Y
_bBC
_cLIBRO
_d-21794
_eLIBRO
_fc.2
_h28680
_i10312
_si
_t25.00
999 _c10102
_d10102